[Event "1st Guwahati GM Open 2022"]
[Site "Guwahati"]
[Date "2022.03.14"]
[Round "1.10"]
[White "Avigyan Ghosh"]
[Black "Gholami Orimi, Mahdi"]
[Result "0-1"]
[WhiteElo "1385"]
[BlackElo "2420"]
[Annotator "TA"]
[PlyCount "90"]
[EventDate "2022.03.15"]
[EventCountry "IND"]
[SourceTitle "playchess.com"]
[Source "ChessBase"]
[SourceQuality "1"]

{[%evp 10,89,29,14,28,26,30,18,19,1,19,8,0,0,0,0,0,-114,-109,-146,-152,-234,-187,-191,-204,-204,-170,-246,-127,-495,-481,-483,-453,-697,-685,-730,-706,-721,-711,-721,-714,-720,-695,-845,-725,-1632,-1615,-2497,-2473,-2474,-2462,-2145,-2035,-29983,-29984,-29986,-29987,-29987,-29988,-29990,-29991,-29991,-29992,-29991,-29992,-29992,-29993,-29993,-29994,-29994,-29995,-29995,-29996,-29996,-29997,-29997,-29996,-29996,-29997,-29998,-29999,-29999]} 1. e4 e5 2. Nf3 Nc6 3. Bc4 Nf6 4. d3 h6 5. c3 d6 6. Bb3 g6 {C55: Two Knights: 4 d3, 4 d4 exd4 5 e5 and Max Lange Attack.} 7. Nbd2 Bg7 8. O-O O-O {The position is equal.} 9. Nc4 Be6 10. Re1 Re8 11. a4 a5 {[#]} 12. Qc2 $146 ({Predecessor:} 12. h3 Qd7 13. Ne3 d5 14. exd5 Nxd5 15. Ng4 Nf4 16. Bxe6 Rxe6 17. d4 Rd8 18. Bxf4 exf4 {½-½ (44) Wan,Y (2499)-Yu,Y (2759) Hangzhou 2018}) 12... Qd7 13. d4 (13. h3 $11 {keeps the balance.}) 13... exd4 $17 14. cxd4 Nb4 15. Qb1 {[#]} (15. Qd1 $17 {keeps fighting.}) 15... Nxe4 $1 {[%mdl 512] ...Bf5 is the strong threat.} 16. Bxh6 ({Don't blunder} 16. Rxe4 $2 Bf5 17. Bd2 (17. Rxe8+ $2 Rxe8 18. Bd2 Bxb1 $19) 17... Bxe4 $19) 16... Bxh6 17. Rxe4 Kg7 18. Re1 (18. Rh4 $142) 18... Qc6 (18... b5 $19 19. Ncd2 Bxb3 20. Nxb3 Rxe1+ 21. Nxe1 bxa4) 19. Nfd2 {[%mdl 8192] This move loses the game for White.} (19. Rxe6 $17 {was the crucial defense.} Rxe6 20. d5 Nxd5 21. Nd4) 19... Bxd2 $19 20. Nxd2 Bxb3 21. Rxe8 (21. Nxb3 $142 Rxe1+ 22. Qxe1) 21... Bc2 {Active counter play!} ({Inferior is} 21... Qxe8 22. Nxb3 b6 23. Nd2 $17) 22. Rxa8 Bxb1 23. Rxb1 Qc2 24. Rxa5 Qxd2 25. Rb5 b6 26. h3 Qxd4 {Strongly threatening ...d5.} 27. a5 {[#]} Qd3 $1 {[%csl LRb1,LRb5]} 28. Rxb4 (28. axb6 Qxb5) 28... Qxb1+ {[%mdl 4096] Endgame KQ-KR} 29. Kh2 bxa5 30. Rb5 a4 {[%cal Oa4a3] ( -> ...a3!)} 31. Rb7 a3 {Black mates.} 32. Rxc7 axb2 33. Rb7 Qc2 34. f3 b1=Q 35. Rxb1 Qxb1 36. h4 d5 37. Kh3 d4 38. f4 d3 39. f5 gxf5 40. h5 d2 41. h6+ Kxh6 42. g4 f4 {[%cal Rb1h1]} 43. g5+ Kxg5 {[%cal Rb1h1]} 44. Kg2 d1=Q 45. Kh2 Qh1# {Weighted Error Value: White=0.89/Black=0.12 (very precise)} 0-1

[Event "1st Guwahati GM Open 2022"]
[Site "Guwahati"]
[Date "2022.03.14"]
[Round "1.11"]
[White "Poormosavi, Seyed Kian"]
[Black "Thong Teron"]
[Result "1-0"]
[WhiteElo "2229"]
[BlackElo "1325"]
[Annotator "TA"]
[PlyCount "95"]
[EventDate "2022.03.15"]
[EventCountry "IND"]
[SourceTitle "playchess.com"]
[Source "ChessBase"]
[SourceQuality "1"]

{[%evp 18,94,17,22,25,10,14,0,18,4,37,5,33,12,15,18,52,20,31,18,25,0,0,-12,39,40,51,52,75,71,78,73,149,140,283,190,292,295,285,283,281,285,341,308,337,327,335,337,313,226,277,260,360,362,353,329,887,889,866,868,933,929,964,955,5006,1342,2572,1325,29973,29974,29970,29971,29968,29967,7864,1714,29998,29999,29999]} 1. Nf3 d5 2. g3 Nf6 3. Bg2 Bg4 4. O-O e6 5. d3 Nbd7 6. Nbd2 Bd6 7. e4 c6 8. Qe2 O-O 9. h3 Bxf3 10. Nxf3 {[#] Hoping for e5.} Qc7 {A07: Réti Opening: New York and Capablanca Systems.} 11. Re1 {e5 is the strong threat.} e5 {[#]} 12. Nh2 $146 ({Predecessor:} 12. Bg5 Rfe8 13. Nh4 Bf8 14. Nf5 h6 15. Bd2 Rad8 16. Rad1 dxe4 17. dxe4 Nc5 18. b3 {1-0 (48) Topalov,V (2774)-Svane,R (2467) Kozloduy 2013}) 12... Rae8 {The position is equal.} 13. Bd2 b6 14. Bf3 Kh8 15. Kg2 a5 16. Ng4 Qb8 17. Rh1 Qb7 18. Rad1 (18. Ne3 {looks sharper.} Nc5 19. Nf5 Qd7 20. h4 Bc7 21. a3) 18... d4 19. h4 Ng8 20. h5 f6 (20... h6 $11) 21. Nh2 $14 {[%cal Bg4h2,Bh2f3,Bf3h4,Bh4g6][%mdl 32]} h6 22. Kg1 Rf7 23. Bg2 Qc7 24. Nf3 Nc5 (24... Nf8 $142) 25. Nh4 Ne6 {Black cannot hold the game after this.} (25... Ne7 $16) 26. Ng6+ $18 Kh7 27. Bh3 {[#] Strongly threatening Bf5.} f5 28. Bxf5 Rxf5 29. exf5 Nc5 30. Kg2 Nf6 31. Qf3 e4 32. dxe4 Ncxe4 33. Bf4 c5 34. Rde1 Qd7 35. Bxd6 Qxd6 36. Re2 Rd8 $2 (36... c4 37. Rd1 b5) 37. Rxe4 Nxe4 38. Qxe4 c4 39. Rd1 {[%cal Bh1d1,Bd1d2,Bd2d3,Bd3d4,Bd4d8,Bd8f8][%mdl 32]} d3 40. cxd3 {[%cal Of5f6] Threatens to win with f6!} cxd3 41. Rd2 {[%cal Of5f6] And now f6! would win.} b5 42. Nf4 {[%cal Rd2d3]} Qb4 43. Qxb4 axb4 44. Rxd3 Ra8 45. Ng6 Kg8 46. Rd4 Ra4 47. Rd8+ Kf7 48. Rf8# {Weighted Error Value: White=0.13 (very precise) /Black=0.75} 1-0

[Event "1st Guwahati GM Open 2022"]
[Site "Guwahati"]
[Date "2022.03.14"]
[Round "1.12"]
[White "Franco Valencia, Angela"]
[Black "Litingse Sangtam S"]
[Result "1-0"]
[WhiteElo "2116"]
[BlackElo "1266"]
[Annotator "TA"]
[PlyCount "67"]
[EventDate "2022.03.15"]
[EventCountry "IND"]
[SourceTitle "playchess.com"]
[Source "ChessBase"]
[SourceQuality "1"]

{[%evp 17,67,6,4,7,0,0,55,48,66,54,68,47,70,70,66,53,60,46,53,55,83,7,0,-6,-13,-18,-23,-19,212,197,201,197,185,175,362,197,187,193,187,198,274,258,457,354,354,343,722,720,712,706,692,646]} 1. e4 e6 2. d4 d5 3. Nd2 c5 4. exd5 exd5 5. Bb5+ Nc6 6. Ngf3 Nf6 7. O-O Be7 8. dxc5 O-O 9. c3 Bxc5 10. Nb3 {C08: French Tarrasch: 3...c5 4 exd5 exd5 sidelines.} Bb6 11. Bg5 {11.h3 gains popularity.} Qd6 ({Black should try} 11... Bg4 $11) 12. Bxf6 $14 {[#] White is slightly better.} gxf6 $146 ({Predecessor:} 12... Qxf6 13. Qxd5 Be6 14. Qh5 Bc7 15. Bxc6 bxc6 16. Nbd4 c5 17. Nxe6 fxe6 18. Qxc5 Rac8 {½-½ (28) Kakumanu,K (2306)-Khnykin,N (2309) Chess.com INT 2021}) 13. Nfd4 Kh8 14. Qh5 Rg8 15. Bd3 {[%csl Gd3][%cal Rh5h7] [#]} Rg7 16. Rfe1 {Threatening mate with Re8+. Really sharp!} Bg4 17. Qh4 Rag8 18. Kh1 $1 $40 {[%mdl 128] Black needs to defend precisely.} Bd7 19. Nb5 {White is more active.} (19. g3 $16) 19... Qb8 $11 {Hoping for ...Ne5.} 20. Qxf6 Bd8 21. Qd6 Qxd6 22. Nxd6 a6 $2 {This costs Black the game.} (22... Bc7 $11 {and Black has nothing to worry.} 23. Nb5 {[#]} Ne5 $1 24. Bxh7 (24. Nxc7 Nxd3 25. g3 Nxe1 $17) 24... Bxb5 25. Bxg8 Ng4) 23. Nc5 {[%cal Bb3c5,Bc5d7,Bd7f6][%mdl 32] Pair of Knights!} ({Resist} 23. Nxb7 $6 Rxg2 24. Nxd8 Nxd8 $14) 23... Bc7 24. Nxd7 {Threatens to win with Ne8.} ({Don't take} 24. Ncxb7 f6) 24... Bxd6 25. Nf6 {[%csl LRd5,LRg8]} Ne5 $2 (25... Rxg2 26. Nxg8 Rxh2+ 27. Kg1 Kxg8) 26. Be2 (26. Nxg8 $142 Nxd3 27. Nh6 Nxe1 28. Rxe1) 26... Rd8 $18 27. Rad1 Rg6 28. Nxd5 Rdg8 (28... Bc5 $142 29. f4 Rgd6) 29. g3 Bc5 $2 (29... Re6 {keeps fighting.} 30. Nf4 Rh6) 30. f4 Nc6 31. Bh5 R6g7 (31... Rh6 32. Bxf7 Rf8) 32. b4 {White is clearly winning.} Ba7 33. Nf6 Rc8 34. Rd7 {[%csl LRb7,LRf7] Weighted Error Value: White=0.19 (very precise) /Black=0.49} 1-0

[Event "1st Guwahati GM Open 2022"]
[Site "Guwahati"]
[Date "2022.03.14"]
[Round "1.13"]
[White "Muhammed, Shuaau"]
[Black "Swaraj Jyoti Neog"]
[Result "1-0"]
[WhiteElo "1970"]
[BlackElo "1138"]
[Annotator "TA"]
[PlyCount "67"]
[EventDate "2022.03.15"]
[EventCountry "IND"]
[SourceTitle "playchess.com"]
[Source "ChessBase"]
[SourceQuality "1"]

{[%evp 17,67,32,39,41,35,24,26,27,40,31,43,31,41,39,60,44,43,56,81,33,180,180,198,191,692,679,1357,1340,1301,1272,12817,7750,29973,29974,6143,2093,2477,1728,29983,29984,29989,29990,29990,29988,29988,29989,29989,29989,29990,29991,29991,29990]} 1. e4 e5 2. Nf3 Nf6 3. Nxe5 d6 4. Nf3 Nxe4 5. Nc3 Nxc3 6. dxc3 Be7 7. Be3 Nc6 8. Qd2 Be6 9. O-O-O a6 (9... Bxa2 $2 10. b3 $18) 10. Kb1 {C42: Petroff Defence: 3 Nxe5 and unusual White 3rd moves.} Qd7 11. h4 h6 12. Be2 {White has an edge.} O-O-O 13. Nd4 Bf6 14. Nxe6 fxe6 15. g4 {[#]} Kb8 $146 ({Predecessor:} 15... Qf7 16. g5 hxg5 17. hxg5 Be7 18. Rhf1 Rh2 19. f4 Rdh8 20. Rde1 Bd8 21. a3 Ne7 {1-0 (51) Merrheim,X (2377)-Popov,V (2224) ICCF email 2014}) 16. g5 hxg5 17. hxg5 Be7 18. Bg4 {White is more active. This bishop pair is nice.} ({White should play} 18. Rxh8 $1 $16 Rxh8 19. f4) 18... Ne5 {[#] Loses the game.} (18... Rxh1 $1 $14 19. Rxh1 Ne5) 19. Rxh8 $1 $18 Rxh8 {[#]} 20. Qd4 {Intending Qa7+ and mate.} c5 $2 {[#]} (20... Kc8) 21. Qxe5 $1 {[%mdl 512]} Rh1 {Threatens to win with ...Rxd1+.} (21... dxe5 22. Rxd7) 22. Qxg7 Rxd1+ 23. Bxd1 Kc8 24. Bg4 {White threatens Qf7 and mate.} Kd8 25. Qg8+ Kc7 26. Qxe6 Qxe6 27. Bxe6 {Strongly threatening f4.} Kd8 28. g6 {White mates.} Bf6 {[#]} 29. Bg5 $1 Ke7 {[#]} 30. g7 $1 Kxe6 31. g8=Q+ Kf5 32. Qd5+ Kg6 33. Bxf6 Kxf6 34. Qxd6+ {Weighted Error Value: White=0.06 (flawless) /Black=1.29} 1-0

[Event "1st Guwahati GM Open 2022"]
[Site "Guwahati"]
[Date "2022.03.14"]
[Round "1.14"]
[White "Baghirova, Khatun"]
[Black "Rachit Gianchandani"]
[Result "1-0"]
[WhiteElo "1855"]
[BlackElo "1103"]
[Annotator "NA RC"]
[PlyCount "99"]
[EventDate "2022.03.15"]
[EventCountry "IND"]
[SourceTitle "playchess.com"]
[Source "ChessBase"]
[SourceQuality "1"]

1. e4 c5 2. Nf3 d6 3. d4 cxd4 4. Nxd4 Nf6 5. Nc3 g6 6. Be3 Bg7 7. Bc4 O-O 8. Bb3 Bd7 9. O-O Nc6 10. h3 Qc8 11. f4 Nh5 12. Nd5 Re8 13. f5 e6 14. fxg6 hxg6 15. Nb5 exd5 16. Nxd6 Qc7 17. Bxd5 Be6 18. Nxf7 Be5 19. Rf3 Nf6 20. Nxe5 Qxe5 21. Bxc6 Red8 22. Qf1 bxc6 23. Rxf6 Qxe4 24. Re1 Re8 25. Bh6 Qd4+ 26. Kh2 Bf5 27. Rxc6 Rxe1 28. Qxe1 Qxb2 29. Qe7 Rc8 30. Rf6 Qb8+ 31. Rd6 Qb2 32. a4 a5 33. h4 Qc3 34. h5 Qh8 35. Rxg6+ Bxg6 36. Qe6+ Bf7 37. Qxc8+ Kh7 38. Qxh8+ Kxh8 39. g4 Be8 40. c4 Kh7 41. Bd2 Bxa4 42. Bxa5 Kh6 43. Bd2+ Kh7 44. Kg3 Bc6 45. Kf4 Kh6 46. Kf5+ Kh7 47. g5 Bf3 48. g6+ Kh8 49. Bc3+ Kg8 50. h6 1-0

[Event "1st Guwahati GM Open 2022"]
[Site "Guwahati"]
[Date "2022.03.14"]
[Round "1.15"]
[White "Aarohan Saikia"]
[Black "Kolomwe Willian"]
[Result "0-1"]
[WhiteElo "1421"]
[BlackElo "1783"]
[Annotator "NA RC"]
[PlyCount "64"]
[EventDate "2022.03.15"]
[EventCountry "IND"]
[SourceTitle "playchess.com"]
[Source "ChessBase"]
[SourceQuality "1"]

1. e4 e6 2. Nf3 b6 3. Nc3 Bb7 4. Bc4 d6 5. d4 Nd7 6. O-O Ngf6 7. Re1 Be7 8. Bd2 O-O 9. h3 h6 10. a3 Re8 11. Rb1 Nf8 12. e5 dxe5 13. Nxe5 Qxd4 14. Ba2 Red8 15. Nd3 c5 16. Be3 Qh4 17. Qe2 Ng6 18. Rbd1 Rac8 19. Nc1 Bd6 20. Rd2 Nf4 21. Bxf4 Qxf4 22. g3 Qf5 23. Kh2 Bf3 24. Qa6 Qh5 25. Qf1 Bxg3+ 26. Kxg3 Rxd2 27. Nd3 Bb7 28. Kh2 Qf3 29. Re3 Qxe3 30. Bb1 c4 31. Nd1 Qf3 32. Ne1 Qxd1 0-1

[Event "1st Guwahati GM Open 2022"]
[Site "Guwahati"]
[Date "2022.03.14"]
[Round "1.17"]
[White "Visakh N R"]
[Black "Rituraj Tamuli"]
[Result "1-0"]
[WhiteElo "2522"]
[BlackElo "1480"]
[Annotator "TA"]
[PlyCount "67"]
[EventDate "2022.03.15"]
[EventCountry "IND"]
[SourceTitle "playchess.com"]
[Source "ChessBase"]
[SourceQuality "1"]

{[%evp 11,66,-9,0,0,10,0,15,17,35,18,23,13,12,12,55,43,97,72,191,207,196,171,271,268,283,264,312,261,273,260,419,-1202,1273,-1567,814,-493,362,362,353,0,0,0,0,-117,-127,-29970,-127,-29995,29992,29993,29993,-29990,29994,29995,29998,29999,29999]} 1. d4 Nf6 2. Bg5 d5 3. Nd2 e6 4. e3 Be7 5. Bd3 Nbd7 6. f4 c5 7. c3 {D00: 1 d4 d5: Unusual lines.} b6 8. Ngf3 Bb7 9. Ne5 {The position is equal.} a6 10. O-O h6 {[#]} 11. Bxf6 $146 ({Predecessor:} 11. Bh4 g6 12. Rc1 {½-½ (12) Hamm,G (2135)-Mueller,R (2232) Berlin 2008}) 11... Nxf6 12. Qf3 O-O (12... Qc7 $11) 13. Rad1 Rc8 (13... a5 $14) 14. f5 $1 $16 {White is much more active.} Rc7 (14... exf5 $16 15. Qxf5 cxd4) 15. fxe6 $18 fxe6 16. Qh3 Qd6 (16... Qc8 {was called for.} 17. Qg3 Bc6) 17. Rf3 Ne4 18. Bxe4 dxe4 19. Rxf8+ Bxf8 20. Ndc4 Qd5 (20... Qe7 {might work better.} 21. Rf1 Qe8 22. Nxb6 Bc6) 21. dxc5 $4 {[%mdl 8192]} bxc5 $4 {[%mdl 8192]} 22. Nb6 $4 {[%mdl 8192] Pair of Knights!} Qxa2 $4 {[%mdl 8192]} (22... Qxd1+ $19 23. Kf2 Qd2+ 24. Kf1 Qc1+ 25. Kf2 Qxb2+ 26. Kg3 Qxb6) 23. Nd5 $4 {[%mdl 8192]} exd5 {[%mdl 8192]} (23... Bxd5 $19 24. Qh5 Qa4) 24. Qe6+ Kh7 25. Ng6 $2 ({Better is} 25. Qg6+ $18 Kg8 26. Rf1) 25... Bd6 $1 $11 26. Qxd6 {White threatens Nf8+ and mate.} Rf7 (26... Rc6 27. Nf8+ Kh8 28. Qd7 $16 (28. Qxd5 Qxd5 29. Rxd5 Rb6 $14)) 27. Ne5 (27. Ne7 $11 {keeps the balance.} d4 28. Qg6+ Kh8 29. Qb6 $1) 27... Rf6 $17 28. Qxd5 {[%mdl 8192]} Qxb2 $2 (28... Bxd5 {mates} 29. Nd7 Rf5 30. g4 Rg5 31. h3 Qxb2 32. c4 Bxc4 33. Nf8+ Kg8 34. Rd8 Kf7 35. Nh7 Re5 36. Rc8 Qc1+ 37. Kh2 Qd2+ 38. Kg3 Qxe3+ 39. Kg2 Qf3+ 40. Kh2 Qf2+ 41. Kh1 e3 42. Rc7+ Ke8 43. Nf6+ gxf6 44. Rc8+ Kd7 45. Rd8+ Kxd8 46. h4 Bd5#) 29. Qxe4+ $2 {[%mdl 8192]} Kg8 $4 {[%mdl 8192]} (29... Bxe4 30. Nf3 Bxf3 31. Rd2 Qxd2 32. gxf3 Rb6 33. h4 Rb1#) 30. Rd8+ Rf8 {[#]} 31. Qd5+ $4 {[%mdl 8192]} Kh7 $4 {[%mdl 8192]} (31... Bxd5 32. Rxf8+ Kxf8 33. e4 {[#]} Qxc3 $1 34. Ng6+ Ke8 35. Kf2 Qd4+ 36. Ke2 Qxe4+ 37. Kf2 Qxg6 38. Ke3 Qxg2 39. Kd3 Qxh2 40. Kc3 Be4 41. Kb3 Qb8+ 42. Ka2 c4 43. Ka3 Qb3#) 32. Qd3+ {White mates.} Kg8 33. Rxf8+ Kxf8 34. Qd8# {Never resign too early!  Weighted Error Value: White=1.43/Black=1.16} 1-0

[Event "1st Guwahati GM Open 2022"]
[Site "Guwahati"]
[Date "2022.03.14"]
[Round "1.18"]
[White "Anuraag Saikia"]
[Black "Deepan Chakkravarthy J."]
[Result "0-1"]
[WhiteElo "1465"]
[BlackElo "2520"]
[Annotator "TA"]
[PlyCount "82"]
[EventDate "2022.03.15"]
[EventCountry "IND"]
[SourceTitle "playchess.com"]
[Source "ChessBase"]
[SourceQuality "1"]

{[%evp 15,82,2,31,0,1,-39,-35,-35,-40,-50,-23,-29,-35,-17,-10,-12,-15,-17,-4,-52,-14,0,-7,-15,8,6,97,-54,-68,-110,-44,-53,-51,-43,-41,-50,-44,-37,-50,-42,-36,-39,-39,-47,-32,-41,-24,-36,-43,-43,-37,-43,-51,-66,-66,-1145,-1136,-1220,-1258,-1139,-1112,-29991,-29992,-29994,-29995,-29996,-29997,-29997,-29998]} 1. Nf3 g6 2. d4 Bg7 3. c4 f5 4. Nc3 Nf6 5. g3 O-O 6. Bg2 d6 7. O-O c6 $1 {[%mdl 4] now scores much better than the old 7...Qe8.} 8. Qc2 Na6 9. Bg5 {A88: Dutch Defence: Leningrad System: 5 Nf3 0-0 6 0-0 d6 7 Nc3 c6.} Qc7 {[#]} 10. Qc1 $146 ({Predecessor:} 10. Rac1 e5 11. d5 Nc5 12. Bxf6 Bxf6 13. b4 Nd7 14. e4 f4 15. Rfd1 c5 16. Nb5 {0-1 (44) Servant,M-Robitaille,D Charlesbourg 2005}) 10... e5 $1 11. dxe5 {Black is slightly better.} dxe5 12. Bh6 Be6 13. Bxg7 Kxg7 14. b3 h6 15. Qb2 Rae8 16. Na4 Bd7 17. c5 (17. Rad1 $11 {is superior.}) 17... b5 (17... e4 $5 {[%cal Re4f3]} 18. Nd2 Be6 $15) 18. cxb6 $1 axb6 19. Rac1 c5 20. Rfd1 Bc6 {[#]} (20... e4 $11 21. Nd2 (21. Nxb6 Bc6 $17) 21... Rd8) 21. Nh4 $2 (21. Nxe5 $1 $16 Bxg2 {[#]} 22. Rd7+ $1 Nxd7 23. Nxd7+ Kh7 24. Nxf8+ Rxf8 25. Kxg2) 21... e4 $15 22. e3 {To avoid f4} (22. Bh3 $15) 22... Nb8 (22... Nb4 $17 {And now ...Nd3 would win.} 23. Bf1 Rd8 24. Rxd8 Rxd8) 23. Bf1 Nbd7 24. Nc3 Ne5 25. Nb5 Bxb5 26. Bxb5 Rd8 27. Be2 Qe7 28. Ng2 g5 29. Ne1 {[%cal Ob3b4]} Kg6 30. Qb1 Qe6 31. Rxd8 Rxd8 32. Rd1 {Prevents Rd2.} Nd5 {Threatens to win with ...Nc3. Pair of Knights!} 33. Qc1 {Inhibits Nc3.} Qf6 {[%cal Od5c3]} 34. Bc4 Nxc4 {Black is much more active.} 35. Qxc4 {[%mdl 8192] [#] This costs White the game.} (35. bxc4 $15 Nb4 36. Qb1) 35... Nxe3 $1 $19 {[%mdl 512]} 36. fxe3 (36. Rd6 Nxc4) 36... Rxd1 $15 {KQR-KQN} 37. Qg8+ Kh5 {( -> ...Qc3)} 38. Qe8+ Kg4 {Black mates.} 39. h3+ Kxg3 {[%cal Rd1e1]} 40. Qb8+ f4 {[%cal Rd1e1]} 41. Kf1 Qb2 {Weighted Error Value: White=0.44/Black=0.12 (very precise)} 0-1

[Event "1st Guwahati GM Open 2022"]
[Site "Guwahati"]
[Date "2022.03.14"]
[Round "1.19"]
[White "Stany, G.A."]
[Black "Rajbeer Ahmed"]
[Result "1-0"]
[WhiteElo "2517"]
[BlackElo "1461"]
[Annotator "TA"]
[PlyCount "77"]
[EventDate "2022.03.15"]
[EventCountry "IND"]
[SourceTitle "playchess.com"]
[Source "ChessBase"]
[SourceQuality "1"]

{[%evp 19,77,34,41,7,51,38,44,38,42,36,64,18,127,120,120,98,113,54,55,61,207,208,236,240,318,311,311,259,276,259,256,256,312,313,320,287,298,315,289,289,391,400,2201,2248,2136,2136,1652,1522,1395,1273,6804,6909,5457,5285,1849,1579,1185,1177,29987,29987]} 1. d4 Nf6 2. c4 e6 3. g3 d5 4. Nf3 c6 5. Bg2 Be7 6. O-O O-O 7. Qc2 b6 8. Rd1 Bb7 9. b3 Nbd7 10. Nc3 Rc8 11. Bf4 {E08: Closed Catalan: Main Line: 7 Qc2.} Ba6 (11... Nh5 $11) 12. e4 $1 $14 dxc4 13. Nd2 $1 {White is slightly better.} c5 14. d5 {Threatens to win with d6.} e5 15. Bg5 {[#]} (15. Be3 $14) 15... cxb3 $146 (15... Nxd5 $1 $11 {remains equal.} 16. Nxd5 Bxg5) ({Predecessor:} 15... Ne8 16. Bxe7 Qxe7 17. bxc4 Nd6 18. Qa4 Nb8 19. Qb3 Rc7 20. a4 Nd7 {1-0 (53) Kortschnoj,V (2635)-Gurevich,M (2585) Antwerp 1995}) 16. axb3 $16 Nb8 {[%cal Of6d5]} 17. Bh3 $36 {[%cal Bg2h3,Bh3c8,Bc8f5][%mdl 2080] Hoping for Nc4. Keeping Black busy.} Rc7 18. Nc4 (18. d6 $16 Bxd6 19. Rxa6 Nxa6 20. Nc4) 18... Bxc4 $14 19. bxc4 {[%cal Od5d6]} Bd6 {Loses the game.} ({Black should play} 19... Ne8 $1 $14) 20. Nb5 $18 {[%csl LRa7,LRc7][%cal Bc3b5,Bb5a3,Ba3c2,Bc2e3,Be3f5][%mdl 32] aiming for Bxf6.} Rb7 {[#]} 21. Bc8 $1 {[%mdl 512]} Re7 (21... Rc7 22. Nxc7) 22. Bxf6 gxf6 23. Bf5 a6 {[#]} 24. Qe2 $1 {[%cal Oe2h5] White threatens Qh5! and mate.} h6 25. Na3 Rb7 26. Nc2 ({Don't do} 26. Qh5 $6 Kg7 27. Qg4+ Kh8 $18) 26... Kg7 27. Qg4+ Kh8 28. Ne3 Rg8 29. Qh4 {[%cal Rh4h6]} Kg7 30. Bc8 {[%mdl 64] Skewer} Rc7 (30... Qxc8 $142 31. Nf5+ Qxf5 32. exf5 Ra7) 31. Nf5+ Kf8 32. Qxh6+ Ke8 33. Bxa6 Nxa6 34. Rxa6 Rb7 35. Nxd6+ Qxd6 36. Ra8+ Rb8 37. Rxb8+ Qxb8 38. Qxf6 {d6 is the strong threat.} Kf8 39. d6 {Weighted Error Value: White=0.10 (very precise) /Black=0.65} 1-0

[Event "1st Guwahati GM Open 2022"]
[Site "Guwahati"]
[Date "2022.03.14"]
[Round "1.20"]
[White "Amar, Jyoti Kakoty"]
[Black "Iniyan, P."]
[Result "0-1"]
[WhiteElo "1451"]
[BlackElo "2516"]
[Annotator "TA"]
[PlyCount "50"]
[EventDate "2022.03.15"]
[EventCountry "IND"]
[SourceTitle "playchess.com"]
[Source "ChessBase"]
[SourceQuality "1"]

{[%evp 11,50,24,38,8,22,0,0,0,0,0,0,0,0,0,6,0,-25,-116,-106,-104,-85,-218,-231,-228,-148,-213,-203,-210,-193,-192,-183,-511,-510,-489,-503,-482,-482,-680,-668,-658,-649]} 1. e4 e5 2. Nf3 Nc6 3. Bc4 Be7 4. O-O Nf6 5. Re1 O-O 6. d4 d6 7. dxe5 {C41: Philidor Defence.} dxe5 8. Qxd8 (8. Qe2 {is interesting.} a6 9. h3 Bc5 10. c3 h6 11. b4) 8... Rxd8 {[#]} 9. h3 $146 {Inhibits Bg4. The position is equal.} ({Predecessor:} 9. c3 Bg4 10. Nbd2 Nd7 11. b4 Nb6 12. Bb3 a6 13. a4 Bxf3 14. Nxf3 Rd3 15. Re3 {½-½ (22) Vykouk,J (2238)-Pulpan,J (2300) Czech Republic 2015}) 9... h6 10. a3 a6 11. Nc3 Be6 {To avoid Nd5} 12. Bd3 g5 13. g4 Nd4 14. Kg2 {[#]} (14. Nxe5 $2 Bd6 15. Nc4 (15. f4 $2 gxf4 16. Bxf4 Bxe5 $19) 15... Bxc4 16. Bxc4 Nxc2 $19) (14. Nxd4 $1 $11 {keeps the balance.} exd4 15. Ne2) 14... c5 $1 $17 {[%cal Bc7c5,Bc5c4][%mdl 32] Black is more active.} 15. Nxd4 exd4 ({Reject} 15... cxd4 $6 16. Ne2 $11) 16. Ne2 {White does not recover from this.} (16. Nb1 $17) 16... c4 $19 17. e5 Bd5+ ({And not} 17... cxd3 18. exf6 Bxf6 19. cxd3) 18. f3 (18. Kg1 $17 {was called for.} cxd3 19. exf6 Bxf6 20. cxd3) 18... cxd3 19. exf6 Bxf6 ({Weaker is} 19... dxe2 20. fxe7 Rd7 21. Rxe2 $11) 20. cxd3 Rac8 {Threatens to win with ...Rc2.} 21. b4 $2 {[#]} (21. Rf1 {is more resistant.}) 21... Rc2 {And now ...Re8 would win. Black is clearly winning.} 22. Rb1 Re8 23. Kf2 b5 24. f4 (24. Rb2 $142 Rexe2+ 25. Rxe2 Rxc1 26. Rec2) 24... gxf4 25. Bxf4 Bh4+ {Weighted Error Value: White=0.50/Black=0.06 (flawless)} 0-1